Регионална библиотека "Любен Каравелов" - Русе

Fifteen children's pieces : piano solo (Запис номер 517763)

MARC детайли
000 -Лидер
Контролно поле с фиксирана дължина 00820ncm a2200229 a 4500
003 - Код на организацията, давaща контролен номер
Контролно поле BLK
005 - Дата и час на последна редакция
Контролно поле 20240927140359.0
008 - Елементи от данни с фиксирана дължина
fixed length control field 990101s1992 000 0 und d
040 ## - Източник на каталожния запис
Transcribing agency BLK
041 ## - Код за език
Код за езика на текст/звукозапис или на отделно заглавие Английски
Код за езика КДБФ Английски
080 ## - УДК
Текстов определител УДК Пиано. Други кратки форми.
УДК код - определител по УДК 786.2.087.1
УДК - код + определител 786.2.087.1
100 ## - Редна дума - Автор
Автор Kabalevski, Dmitrii Borisovic
Авторска отговорност първи автор
R(LIN) 1299
139 ## - Редно поле
Редна дума Kabalevski, Dmitrii Borisovic
Авторски знак Ист - И 94
245 10 - Сведения за заглавието
Заглавие Fifteen children's pieces : piano solo
Редно поле (дума) D. Kabalevsky
246 3# - Различни форми на заглавието
Паралелно заглавие Five studies in major and minor
260 ## - Област на издателските данни
9 (RLIN) 494849
Място на издаване, разпространение и проч. London
Име на издателя, разпространителя и проч. Boosey & Hawkes
Година на издаване s. a.
300 ## - Физическа характеристика
Страници 28 с.
Размери/Мащаб 28 см
380 ## - Жанр
Жанр Изкуство
650 #0 - Допълнително описание по предмет – тема
9 (RLIN) 291568
Основно описание – тема или топоним Пиано - пиеси
700 ## - Други автори (авторска отговорност)
Лично име Кабалевски, Дмитрий Борисович
Автороска отговорност (Описва отношението между автора и произведението) първи автор
9 (RLIN) 313516
942 ## - АРТИКУЛИ
Вид на библиотечния материал Нотни издания
Скрит в OPAC Не
Периодичен библиозапис Да
999 ## - СИСТЕМНИ КОНТРОЛНИ НОМЕРА
Koha biblionumber 517763
Koha biblioitemnumber 517763
944 ## - СЪЗДАВАНЕ И РЕДАКЦИЯ на ЗАПИСА
Създаване/Редакция
Дата на регистрацията/редакция Нора Радева
Служител, извършил регистрацията/редакцията 30545
Статус, дата на статуса Нора Радева
Наличности
Код за отписване Код за изгубен артикул Източник на класификационната схема Код за повреда Коз за рестрикции Код за отдаване Артикулен № Име на библиотеката - собственик Име на библиотеката, в която се намира в момента Статус (Текущо местоположение) Дата на вписване в системата Местоположение - отдел Цена в лева Инвентарен номер Систематично азбучна сигнатура Баркод Цена в евро Служебен тип на артикула
  Не е изгубен Universal Decimal Classification Не е повреден само за читалня ползва се в читалня 950369 Регионална библиотека "Любен Каравелов" Русе Регионална библиотека "Любен Каравелов" Русе Хранилище 2024-10-01 Основен фонд - ползва се само за читалня 5.00 120000913641 Цб ІІ 33345 120000913641 2.56 Нотни издания
Vip Innovations Ltd, Rousse, Bulgaria 2025